000 00502nab a2200145Ia 4500
003 ES-SlBCS
005 20210601125303.0
008 140529s1999 xxu||||| |||| 00| 0 eng d
041 _aeng
100 1 _aWhite, Morton
_9151370
245 0 0 _aPeirce's Summum Bonum and the Ethical Views of C. I. Lewis and John Dewey
_c Morton White
600 1 4 _aPeirce, Charles Sanders
_d, 1839-1914
_9127274
773 0 _tPhilosophy and Phenomenological Research
_gvol. 59, 1999, págs. 1029-1037
_wRev1411
942 _cAR
999 _c527869
_d527869